<?xml version="1.0" encoding="UTF-8"?>
<record
    xmlns:xsi="http://www.w3.org/2001/XMLSchema-instance"
    xsi:schemaLocation="http://www.loc.gov/MARC21/slim http://www.loc.gov/standards/marcxml/schema/MARC21slim.xsd"
    xmlns="http://www.loc.gov/MARC21/slim">

  <leader>01864cam a2200325Ka 4500</leader>
  <datafield tag="952" ind1=" " ind2=" ">
    <subfield code="0">0</subfield>
    <subfield code="1">0</subfield>
    <subfield code="4">0</subfield>
    <subfield code="7">0</subfield>
    <subfield code="8">OPEN</subfield>
    <subfield code="a">UCCML</subfield>
    <subfield code="b">UCCML</subfield>
    <subfield code="c">MLWE1</subfield>
    <subfield code="d">2021-07-15</subfield>
    <subfield code="i">229852</subfield>
    <subfield code="l">1</subfield>
    <subfield code="o">QA276.12.Su5</subfield>
    <subfield code="p">30261100243742</subfield>
    <subfield code="r">2021-10-11 00:00:00</subfield>
    <subfield code="s">2021-07-15</subfield>
    <subfield code="w">2021-07-15</subfield>
    <subfield code="y">BK</subfield>
  </datafield>
  <datafield tag="999" ind1=" " ind2=" ">
    <subfield code="c">37693</subfield>
    <subfield code="d">37693</subfield>
  </datafield>
  <controlfield tag="001">ocm70082206 </controlfield>
  <controlfield tag="003">OCoLC</controlfield>
  <controlfield tag="005">20220304175738.0</controlfield>
  <controlfield tag="008">060613s2007    njua          001 0 eng d</controlfield>
  <datafield tag="020" ind1=" " ind2=" ">
    <subfield code="a">0131962434</subfield>
    <subfield code="q">(annotated instructor's ed.)</subfield>
  </datafield>
  <datafield tag="020" ind1=" " ind2=" ">
    <subfield code="a">9780131962439</subfield>
    <subfield code="q">(annotated instructor's ed.)</subfield>
  </datafield>
  <datafield tag="020" ind1=" " ind2=" ">
    <subfield code="a">0131871498</subfield>
    <subfield code="q">(student ed.)</subfield>
  </datafield>
  <datafield tag="020" ind1=" " ind2=" ">
    <subfield code="a">9780131871496</subfield>
    <subfield code="q">(student ed.)</subfield>
  </datafield>
  <datafield tag="035" ind1=" " ind2=" ">
    <subfield code="a">(OCoLC)70082206</subfield>
  </datafield>
  <datafield tag="040" ind1=" " ind2=" ">
    <subfield code="a">CAT</subfield>
    <subfield code="b">eng</subfield>
    <subfield code="c">CAT</subfield>
    <subfield code="d">BAKER</subfield>
    <subfield code="d">OCLCG</subfield>
    <subfield code="d">OCLCA</subfield>
    <subfield code="d">OCLCF</subfield>
    <subfield code="d">OCLCO</subfield>
    <subfield code="d">OCLCQ</subfield>
  </datafield>
  <datafield tag="050" ind1=" " ind2="4">
    <subfield code="a">QA276.12</subfield>
    <subfield code="b">.S851 2007</subfield>
  </datafield>
  <datafield tag="100" ind1="1" ind2=" ">
    <subfield code="a">Sullivan, Michael,</subfield>
    <subfield code="c">III,</subfield>
    <subfield code="d">1967-</subfield>
    <subfield code="9">27024</subfield>
  </datafield>
  <datafield tag="245" ind1="1" ind2="0">
    <subfield code="a">Statistics :</subfield>
    <subfield code="b">informed decisions using data /</subfield>
    <subfield code="c">Michael Sullivan, III.</subfield>
  </datafield>
  <datafield tag="250" ind1=" " ind2=" ">
    <subfield code="a">2nd ed., annotated instructor's ed.</subfield>
  </datafield>
  <datafield tag="260" ind1=" " ind2=" ">
    <subfield code="a">Upper Saddle River, N.J. :</subfield>
    <subfield code="b">Pearson Prentice Hall,</subfield>
    <subfield code="c">&#xFFFD;2007.</subfield>
  </datafield>
  <datafield tag="300" ind1=" " ind2=" ">
    <subfield code="a">1 volume (xxx, 789, A-21, AN-119, I-10 pages), [2] pages of folded tables :</subfield>
    <subfield code="b">illustrations (some color) ;</subfield>
    <subfield code="c">29 cm</subfield>
  </datafield>
  <datafield tag="500" ind1=" " ind2=" ">
    <subfield code="a">Includes index.</subfield>
  </datafield>
  <datafield tag="505" ind1="0" ind2=" ">
    <subfield code="a">Data collection -- Organizing and summarizing data -- Numerically summarizing data -- Describing the relation between two variables -- Probability -- Discrete probability distributions -- The normal probability distribution -- Sampling distributions -- Estimating the value of a parameter using confidence intervals -- Testing claims regarding a parameter -- Inference on two samples -- Inference on categorical data -- Comparing three or more means -- Inference on the least-squares regression model and multiple regression.</subfield>
  </datafield>
  <datafield tag="650" ind1=" " ind2="0">
    <subfield code="a">Statistics.</subfield>
    <subfield code="9">94243</subfield>
  </datafield>
  <datafield tag="650" ind1=" " ind2="7">
    <subfield code="a">Statistics.</subfield>
    <subfield code="2">fast</subfield>
    <subfield code="9">94243</subfield>
  </datafield>
  <datafield tag="776" ind1="0" ind2="8">
    <subfield code="i">Online version:</subfield>
    <subfield code="a">Sullivan, Michael, III, 1967-</subfield>
    <subfield code="t">Statistics.</subfield>
    <subfield code="b">2nd ed., annotated instructor's ed.</subfield>
    <subfield code="d">Upper Saddle River, N.J. : Pearson Prentice Hall, &#xFFFD;2007</subfield>
    <subfield code="w">(OCoLC)891468413</subfield>
  </datafield>
  <datafield tag="856" ind1=" " ind2=" ">
    <subfield code="y">Download Ebook</subfield>
  </datafield>
  <datafield tag="942" ind1=" " ind2=" ">
    <subfield code="c">BK</subfield>
  </datafield>
  <datafield tag="948" ind1=" " ind2=" ">
    <subfield code="h">HELD BY GHUCC - 30 OTHER HOLDINGS</subfield>
  </datafield>
</record>
